000 00818nam a2200253 a 4500
001 000034842
005 20250520113530.0
008 111020s1957 mx 000 0 spa d
040 _aDO-SdBNP
_bspa
_cBNPHU
082 _a171
_bF932e, 1957
100 1 _aFromm, Erich
_951429
245 1 0 _aÉtica y psicoanálisis /
_cErich Fromm ; traducción de Heriberto F. Morck.
250 _a2a ed.
260 _aBuenos Aires :
_bFondo de Cultura Económica,
_c1957.
300 _a249 p. ;
_c17 cm.
490 1 _aBreviarios;
_v74
590 _aPerteneció a la biblioteca personal de Juan Isidro Jimenes Grullón
650 0 _aÉtica
_9509
650 0 _aPsicología
_9152
700 1 2 _aMorck, Heriberto F.,
_etr.
_960370
830 0 _aBreviarios ;
_v74
_916416
910 _aValidado. Control de calidad MFF
049 _aBNGR
999 _c34333
_d34333